Welcome to CU Library Online Public Access Catalogue (OPAC)

Anatomy and Physiology for Nurses (Record no. 8529)

MARC details
000 -LEADER
fixed length control field 00479nam a22001457a 4500
005 - DATE AND TIME OF LATEST TRANSACTION
control field 20251209161415.0
008 - FIXED-LENGTH DATA ELEMENTS--GENERAL INFORMATION
fixed length control field 251209b |||||||| |||| 00| 0 eng d
050 ## - LIBRARY OF CONGRESS CALL NUMBER
Classification number QM26 PEA
100 ## - MAIN ENTRY--PERSONAL NAME
Personal name Pearce, Evelyn C.
245 ## - TITLE STATEMENT
Title Anatomy and Physiology for Nurses
Remainder of title including notes on their clinical application
Statement of responsibility, etc. Evelyn C. Pearce
250 ## - EDITION STATEMENT
Edition statement 16th ed.
Remainder of edition statement with 224 illustrations
260 ## - PUBLICATION, DISTRIBUTION, ETC.
Place of publication, distribution, etc. New Delhi
Name of publisher, distributor, etc. Jaypee Brothers
Date of publication, distribution, etc. 1997
300 ## - PHYSICAL DESCRIPTION
Extent 410p.
Other physical details ill.
Dimensions 18cm
942 ## - ADDED ENTRY ELEMENTS (KOHA)
Source of classification or shelving scheme Library of Congress Classification
Koha item type Books
Edition 16th ed.
Suppress in OPAC No
999 ## -
-- 8529
-- 8529
Holdings
Withdrawn status Lost status Source of classification or shelving scheme Damaged status Not for loan Collection Home library Current library Shelving location Date acquired Total checkouts Full call number Barcode Date last seen Copy number Price effective from Koha item type
    Library of Congress Classification     Non-fiction Science Library (Miotso) Science Library (Miotso) Reference 12/09/2025   QM26 PEA SLM00006558 12/09/2025 1 12/09/2025 Books
© 2023-2024 Copyright: Central University Libraries. All Rights Reserved | Created by: Mahone Tech Office